Power from the waves
Salvato in:
| Autore principale: | |
|---|---|
| Natura: | Libro |
| Lingua: | inglese |
| Pubblicazione: |
Nueva York
Oxford University Press
1995
|
| Soggetti: | |
| Tags: |
Aggiungi Tag
Nessun Tag, puoi essere il primo ad aggiungerne!!
|
MARC
| LEADER | 00000nam a2200000 a 4500 | ||
|---|---|---|---|
| 001 | UCT5392 | ||
| 003 | CL-VaPUC | ||
| 008 | 961206e19950000US |||||||||||||||||eng|d | ||
| 082 | 0 | 4 | |a 333.794 |b ROS |2 21 |
| 100 | 0 | |a Ross, David |e author |9 374842 | |
| 245 | 1 | 0 | |a Power from the waves |
| 300 | |a 212 p | ||
| 942 | |c BK | ||
| 945 | |d 19961206 00:00:00 |a rleighto | ||
| 260 | |a Nueva York |b Oxford University Press |c 1995 | ||
| 650 | 7 | |a OLAS MARINAS |2 CL-VaPUC |9 374843 | |
| 650 | 7 | |a OLEAJE |2 CL-VaPUC |9 372922 | |
| 650 | 0 | |a Energía |9 259431 | |
| 650 | 0 | |a Electricidad |9 260222 | |
| 650 | 0 | |a Recursos naturales |9 255232 | |
| 650 | 0 | |a Recursos energéticos |9 263206 | |
| 650 | 7 | |a PRODUCCION DE ENERGIA ELECTRICA |2 CL-VaPUC |9 374844 | |
| 583 | |a last modification |c 19961206 00:00:00 |k Rodrigo Vera | ||
| 999 | |c 254333 |d 254331 | ||
| 952 | |0 0 |1 0 |4 0 |6 333_794000000000000_ROS_1995 |7 0 |8 A |9 275952 |a BIBING |b BIBING |d 2019-11-19 |i 3258238 |o 333.794 ROS 1995 |p 3258238 |r 2025-01-20 |w 2019-11-19 |y BK |k TRA | ||